00574nam a22001337a 4500008004100000082001300041100002400054245019700078260003600275300001000311942001200321999001500333952009200348230621b xxu||||| |||| 00| 0 eng d a328bERS cSir Thomas Erskine  aThe law, privileges proceedings and Usage of ParliamentbPresented to the Legislative council of kenya by the united Kingdon Branch of the commonwealth parliamentary Association February 1954 alondonbButterworth & co c1950 a1057p 2ddccBK c1950d1950 00102ddc4070a002b002d2023-06-21l0o328 ERSp10001639r2023-06-21w2023-06-21yBK